UM Logo

Design and optimization of a magnetron DC–DC isolated power supply with high efficiency / (Record no. 19703)

MARC details
000 -LEADER
fixed length control field 01183nam a22002777a 4500
003 - CONTROL NUMBER IDENTIFIER
control field OSt
005 - DATE AND TIME OF LATEST TRANSACTION
control field 20250925180542.0
008 - FIXED-LENGTH DATA ELEMENTS--GENERAL INFORMATION
fixed length control field 240315b ||||| |||| 00| 0 eng d
040 ## - CATALOGING SOURCE
Transcribing agency 0
082 ## - DEWEY DECIMAL CLASSIFICATION NUMBER
Classification number DPer 621.381 In821 August 2022 v. 37 n. 8
100 ## - MAIN ENTRY--PERSONAL NAME
Personal name Zhang, Junkun.
Relator term author.
9 (RLIN) 54776
245 ## - TITLE STATEMENT
Title Design and optimization of a magnetron DC–DC isolated power supply with high efficiency /
Statement of responsibility, etc. Junkun Zhang, Bing Gao, Zhixing He, Lei Wang, Renjie Hou, Yang Liu, An Lou, Yandong Chen, and Rong Han.
260 ## - PUBLICATION, DISTRIBUTION, ETC. (IMPRINT)
Place of publication, distribution, etc. New York ;
Name of publisher, distributor, etc. The Institute of Electrical and Electronics Engineers, Inc. ,
Date of publication, distribution, etc. August 2022.
300 ## - PHYSICAL DESCRIPTION
Extent Volume 37, pages 9392-9405 :
Other physical details illustration ;
Dimensions 28 cm.
500 ## - GENERAL NOTE
General note IEEE Transitions on Power Electronics, v. 37 n. 8, pages 9392-9405, August 2022.
700 ## - ADDED ENTRY--PERSONAL NAME
Personal name Zhang, Junkun.
Relator term author.
9 (RLIN) 54776
700 ## - ADDED ENTRY--PERSONAL NAME
Personal name Gao, Bing.
Relator term author.
9 (RLIN) 54777
700 ## - ADDED ENTRY--PERSONAL NAME
Personal name He, Zhixing.
Relator term author.
9 (RLIN) 54778
700 ## - ADDED ENTRY--PERSONAL NAME
Personal name Wang, Lei.
Relator term author.
9 (RLIN) 54779
700 ## - ADDED ENTRY--PERSONAL NAME
Personal name Hou, Renjie.
Relator term author.
9 (RLIN) 54780
700 ## - ADDED ENTRY--PERSONAL NAME
Personal name Liu, Yang.
Relator term author.
9 (RLIN) 54781
700 ## - ADDED ENTRY--PERSONAL NAME
Personal name Lou, An.
Relator term author.
9 (RLIN) 54782
700 ## - ADDED ENTRY--PERSONAL NAME
Personal name Chen, Yandong.
Relator term author.
9 (RLIN) 54783
700 ## - ADDED ENTRY--PERSONAL NAME
Personal name Han, Rong.
Relator term author.
9 (RLIN) 54784
942 ## - ADDED ENTRY ELEMENTS (KOHA)
Source of classification or shelving scheme Dewey Decimal Classification
Koha item type Periodicals
Holdings
Withdrawn status Lost status Source of classification or shelving scheme Damaged status Not for loan Collection code Home library Current library Date acquired Total Checkouts Full call number Date last seen Price effective from Koha item type Public note
    Dewey Decimal Classification     Periodicals UM Digos College - LIC UM Digos College - LIC 03/15/2024   DPer 621.381 In821 August 2022 v. 37 n. 8 03/15/2024 03/15/2024 Periodicals Periodical Article